Score 0/13 Timer 01:30
1 Play Today
Hint Word % Correct
Writing toolPEN
95.1%
Aykroyd of GhostbustersDAN
93.8%
Between a walk and a runJOG
88.5%
Mr. Draper to Sally and BobbyDAD
88.3%
Show about an advertising agency on Madison Avenue: [Rung 1][Rung 13]♦ MAD ♦
84.7%
Character portrayed by [Rung 5] Hamm♦ DON ♦
81.6%
Show about an advertising agency on Madison Avenue: [Rung 1][Rung 13]♦ MEN ♦
80.9%
Actor portraying [Rung 4] Draper♦ JON ♦
78.5%
First female copywriter at Sterling Cooper♦ PEG ♦
70.1%
Piece of a popular fad in the 90'sPOG
65.1%
Wife after Betty of [Rung 5], for short♦ MEG ♦
48.2%
Small barrelKEG
45.8%
Account executive at Sterling Cooper♦ KEN ♦
45%

Today's Daily Dose

Missing Word
I Hardly Know Her!

Word Ladder
Sentence Ending

Quick Pick
Female Firsts

Get the Picture
Triathlon Sports

Remove Ads.
Support Sporcle.
Get the best of Sporcle when you Go Orange. This ad-free experience offers more features, more stats, and more fun while also helping to support Sporcle. Thank you for becoming a member.

You're not logged in!

Compare scores with friends on all Sporcle quizzes.
OR
Log In

Show Comments

Extras

Top Quizzes Today


Score Distribution

Your Account Isn't Verified!

In order to create a playlist on Sporcle, you need to verify the email address you used during registration. Go to your Sporcle Settings to finish the process.

Report this User

Report this user for behavior that violates our Community Guidelines.

Details: